| 000 | 00755nam a2200241 4500 | ||
|---|---|---|---|
| 003 | EC-UNACH | ||
| 005 | 20240415145706.0 | ||
| 006 | s||||gr|||| 00| 00 | ||
| 008 | 150116t9999 mx r gr 000 0 spa d | ||
| 040 |
_aEC-UNACH _cEC-UNACH |
||
| 041 | _aspa | ||
| 082 | 0 | 4 |
_223 _a808.8 _bL016373 |
| 100 | _aBiblioteca Ecuatoriana Clásica | ||
| 245 | _aBiblioteca Ecuatoriana Clásica: Aurelio Espinosa Polit. Volumen 38. | ||
| 250 | _aPrimera Edición | ||
| 264 |
_aQuito, Ecuador _bCorporación de estudios y publicaciones. _c1989 |
||
| 300 | _a578 páginas | ||
| 505 | _aIncluye: Índice.-- Prólogo. | ||
| 942 |
_2ddc _c1 |
||
| 999 | _c12771 | ||